000 00882nam a2200277 c 4500
003 BLK
005 20190913121318.0
008 180911b bul|||||r ||||||| ||bul||
010 _a004464
040 _aBLK
041 _aFRE
080 _z840.09
100 1 _aROUSTAN, Mario
_eпърви автор
245 0 0 _aLa litterature francaise par la dissertation
_nT. 1
246 _aT. 1-
_iLe dix-septieme siecle : 614 sujets proposes
250 _a12. ed
260 _aParis
_bMellottee
_cs.a
300 _aXXIV, 501 с
_c19 см
380 _a82
490 _aЧастна колекция - Академик Михаил Арнаудов
_gДарение - Основен фонд
505 _tLe dix-septieme siecle : 614 sujets proposes
655 _aЛитературознание
700 1 _aMario Roustan
852 _aМА 933
942 _cKNG
_n0
944 _aCR
_c1996
_kValK
999 _c344798
_d344798